Wird geladen...

Population and Development : the demographic transition /

Bibliographische Detailangaben
1. Verfasser: Dyson, Tim
Format: Printed Book
Veröffentlicht: New Delhi: Rawat Publication; 2011.
Schlagworte:
LEADER 00528cam a2200157ua 4500
020 |a 978-81-316-0414-4 
082 |a 304.6  |b DYS-P 
100 |a Dyson, Tim. 
245 |a Population and Development :   |b the demographic transition /  
260 |a New Delhi:  |b Rawat Publication;  |c 2011. 
300 |a 268p. 
650 |a Demography 
650 |a Population-development 
942 |c BK 
999 |c 43364  |d 43364 
952 |0 0  |1 0  |4 0  |6 304_600000000000000_DYSP  |7 0  |9 55325  |a KU  |b KU  |d 2015-07-05  |g 695.00  |l 1  |m 0  |o 304.6 DYS-P  |p AN03051  |r 2019-08-17  |s 2019-07-29  |y BK